Явление структурно-энергетической аналогии процессов механического разрушения и плавления металлов и сплавов; Синергетика и усталостное разрушение металлов

Dades bibliogràfiques
Parent link:Синергетика и усталостное разрушение металлов.— 1989.— С. 29-44
Altres autors: Панин В. Е. Виктор Евгеньевич, Федоров В. В., Ромашов Р. В., Хачатурьян С. В., Коршунов В. Я.
Sumari:Обзор работ по исследованию разрушения Ме и сплавов на основе эргодинамической теории прочности. Рассмотрено кинетическое уравнение повреждаемости для случаев много- и малоцикловой усталости. Проведен анализ результатов оценки эффективных значений энергии активации процесса повреждаемости и усталостного разрушения стали. Совпадение численного значения критической плотности внутренней энергии с энтальпией плавления, а также вакансионный механизм закачивания энергии деформации свидетельствуют, что в локальных объемах материала, ответственных за разрушение, Ме находится в квазиаморфном состоянии, а между процессами механического разрушения и плавления Ме существует структурно-энергетическая аналогия
Idioma:rus
Publicat: 1989
Matèries:
Format: MixedMaterials Capítol de llibre
KOHA link:https://koha.lib.tpu.ru/cgi-bin/koha/opac-detail.pl?biblionumber=204233

MARC

LEADER 00000naa2a2200000 4500
001 204233
005 20231031190025.0
035 |a (RuTPU)RU\TPU\book\222593 
035 |a RU\TPU\book\207456 
090 |a 204233 
100 |a 20111121d1989 k y0rusy50 ca 
101 0 |a rus 
102 |a RU 
200 1 |a Явление структурно-энергетической аналогии процессов механического разрушения и плавления металлов и сплавов  |f В. Е. Панин [и др.] 
320 |a Библиогр.: 13 назв. 
330 |a Обзор работ по исследованию разрушения Ме и сплавов на основе эргодинамической теории прочности. Рассмотрено кинетическое уравнение повреждаемости для случаев много- и малоцикловой усталости. Проведен анализ результатов оценки эффективных значений энергии активации процесса повреждаемости и усталостного разрушения стали. Совпадение численного значения критической плотности внутренней энергии с энтальпией плавления, а также вакансионный механизм закачивания энергии деформации свидетельствуют, что в локальных объемах материала, ответственных за разрушение, Ме находится в квазиаморфном состоянии, а между процессами механического разрушения и плавления Ме существует структурно-энергетическая аналогия 
463 1 |0 (RuTPU)RU\TPU\book\184865  |y  5-02-005897-1  |t  Синергетика и усталостное разрушение металлов  |o сборник научных трудов  |f Академия наук СССР (АН СССР), Институт металлургии им. А. А. Байкова (ИМЕТ) ; под ред. В. С. Иванова  |v С. 29-44  |d  1989  |p 246 с. 
610 1 |a деформация 
610 1 |a разрушение 
610 1 |a металлы 
610 1 |a сплавы 
610 1 |a труды учёных ТПУ 
701 1 |a Панин  |b В. Е.  |c специалист в области физики и механики деформируемого твердого тела, физического материаловедения  |c доктор физико-математических наук, профессор Томского политехнического университета  |c зав. кафедрой материаловедения в машиностроении  |c директор Российского материаловедческого центра  |c научный руководитель института физики прочности и материаловедения СО РАН  |f 1930-  |g Виктор Евгеньевич  |2 stltpush  |3 (RuTPU)RU\TPU\pers\12102 
701 1 |a Федоров  |b В. В. 
701 1 |a Ромашов  |b Р. В. 
701 1 |a Хачатурьян  |b С. В. 
701 1 |a Коршунов  |b В. Я. 
801 1 |a RU  |b 63413507  |c 20050720  |g PSBO 
801 2 |a RU  |b 63413507  |c 20111121  |g RCR 
942 |c BK